• 首页
  • 本馆介绍
  • 公告通知
  • 最新文献
  • 馆藏检索
  • 电子资源
  • 读者导购
  • 参考咨询
  • 我的图书馆
  • 登录
  • 详细信息显示
  • 放入我的书架
  • 预约/预借图书
  • 作者相关作品
  • 分类相关作品
  • 丛书相关作品
  • 出版社相关作品

书目信息

  • 表格格式
  • 工作单格式
  • 卡片格式
题名:
幼儿园和家庭
    
 
作者: 马尔科娃 , Маркова 主编 ;杭志高 , 王春明 译
分册:  
出版信息: 北京   北京出版社  1983
页数: 216页
开本: 19cm
丛书名:
单 册:
中图分类: G616
科图分类:
主题词: 幼儿园-关系-家庭 , 家庭-关系-幼儿园
电子资源:
ISBN: 7071.872
000 00959nam0 2200301 450
001 0183009232
005 20100712220550.0
010    @a7071.872@dCNY0.57
091    @a7071.872
100    @a19951002d1983 em y0chiy0110 ea
101 1  @achi@crus
102    @aCN@b110000
105    @ay z 000yy
106    @ar
200 1  @a幼儿园和家庭@9You Er Yuan He;Huo;Hu Jia;Jie Ting @f(苏)马尔科娃(Т.А.Маркова)主编@g杭志高,王春明译
210    @a北京@c北京出版社@d1983
215    @a216页@d19cm
300    @a书名原文:Детский сад и семья
510 1  @aДетский сад и семья@zrus
606 0  @a幼儿园-关系-家庭
606 0  @a家庭-关系-幼儿园
690    @aG616@v3
701  1 @a马尔科娃@9ma er ke wa@bТ.А.@4主编
701  1 @aМаркова@bТ.А.@4主编
702  0 @a杭志高@9hang zhi gao@f(1937.5~)@4译
702  0 @a王春明@9wang chun ming@4译
801  0 @aCN@b91MARC@c20130904
905    @aBZT@dG616@e14@f1@sG616/14
    
    幼儿园和家庭/(苏)马尔科娃(Т.А.Маркова)主编/杭志高,王春明译.-北京:北京出版社,1983
    216页;19cm
    书名原文:Детский сад и семья
    
    ISBN 7071.872:CNY0.57
    
●
相关链接 在五车中查询图书 在当当中查询图书 在豆瓣中查询图书


正题名:幼儿园和家庭     索取号:G616/14         预约/预借

序号 登录号 条形码 馆藏地/架位号 状态 备注
1 2000133285   2000133285   旧书回溯/ [索取号:G616/14] 在馆    
山东省滨州职业学院图书馆 欢迎您!
大连网信软件有限公司© 版权所有